SQUADRE TOP 5 CAMPIONATI EUROPEI NELLA STAGIONE 2025/2026 - Statistics

Statistiche generali
  • Questo quiz è stato fatto 81 volte
  • Il punteggio medio è 64 su 96
Statistiche sulle risposte
CAMPIONATO SQUADRE % Corretto
SERIE A ATALANTA
100%
SERIE A JUVENTUS
100%
SERIE A INTER
99%
LIGUE 1 MARSIGLIA
99%
SERIE A MILAN
99%
SERIE A LAZIO
97%
SERIE A NAPOLI
97%
SERIE A FIORENTINA
96%
SERIE A GENOA
96%
SERIE A HELLAS VERONA
96%
SERIE A CAGLIARI
95%
SERIE A TORINO
95%
SERIE A BOLOGNA
94%
SERIE A PISA
94%
SERIE A UDINESE
94%
SERIE A LECCE
92%
PREMIER LEAGUE MANCHESTER CITY
91%
SERIE A SASSUOLO
91%
SERIE A COMO
90%
PREMIER LEAGUE LIVERPOOL
90%
LA LIGA REAL MADRID
90%
SERIE A CREMONESE
88%
PREMIER LEAGUE MANCHESTER UNITED
88%
LA LIGA BARCELLONA
87%
PREMIER LEAGUE CHELSEA
87%
SERIE A PARMA
87%
SERIE A ROMA
87%
PREMIER LEAGUE ARSENAL
86%
LA LIGA ATLETICO MADRID
86%
PREMIER LEAGUE ASTON VILLA
83%
LIGUE 1 PSG
82%
BUNDESLIGA BAYERN MONACO
79%
PREMIER LEAGUE TOTTENHAM
79%
LA LIGA SIVIGLIA
78%
BUNDESLIGA BORUSSIA DORTMUND
77%
LA LIGA ATLETICO BILBAO
75%
LA LIGA VALENCIA
75%
LIGUE 1 LIONE
74%
PREMIER LEAGUE NEWCASTLE
73%
BUNDESLIGA BAYER LEVERKUSEN
71%
PREMIER LEAGUE WEST HAM
71%
LA LIGA VILLARREAL
69%
PREMIER LEAGUE WOLVERHAMPTON
69%
PREMIER LEAGUE BRIGHTON
66%
LA LIGA BETIS
65%
PREMIER LEAGUE EVERTON
64%
LIGUE 1 NANTES
62%
LA LIGA ESPANYOL
61%
LIGUE 1 MONACO
61%
LA LIGA RAYO VALLECANO
61%
PREMIER LEAGUE CRYSTAL PALACE
60%
LIGUE 1 LILLE
60%
LIGUE 1 NIZZA
60%
PREMIER LEAGUE NOTTINGHAM FOREST
60%
LA LIGA REAL SOCIEDAD
60%
BUNDESLIGA EINTRACHT FRANCOFORTE
58%
PREMIER LEAGUE FULHAM
58%
PREMIER LEAGUE LEEDS
58%
BUNDESLIGA RB LIPSIA
58%
PREMIER LEAGUE BURNLEY
57%
BUNDESLIGA WOLFSBURG
57%
LA LIGA GIRONA
56%
BUNDESLIGA STOCCARDA
56%
PREMIER LEAGUE SUNDERLAND
56%
BUNDESLIGA AMBURGO
55%
LIGUE 1 LENS
55%
PREMIER LEAGUE BOURNEMOUTH
53%
PREMIER LEAGUE BRENTFORD
53%
LIGUE 1 TOLOSA
53%
LA LIGA CELTA VIGO
52%
LA LIGA GETAFE
52%
LIGUE 1 PARIS
52%
LIGUE 1 RENNES
52%
LA LIGA REAL OVIEDO
51%
BUNDESLIGA UNION BERLINO
51%
BUNDESLIGA BORUSSIA MONCHENGLADBACH
49%
LA LIGA ELCHE
49%
LA LIGA OSASUNA
49%
LIGUE 1 STRASBURGO
49%
LA LIGA LEVANTE
48%
BUNDESLIGA WERDER BREMA
48%
BUNDESLIGA MAINZ
47%
BUNDESLIGA HOFFENHEIM
45%
LIGUE 1 BREST
44%
LIGUE 1 AUXERRE
43%
BUNDESLIGA COLONIA
43%
BUNDESLIGA FRIBURGO
43%
LA LIGA MALLORCA
43%
LIGUE 1 LE HAVRE
42%
LA LIGA ALAVES
40%
LIGUE 1 METZ
39%
BUNDESLIGA HEIDENHEIM
36%
LIGUE 1 ANGERS
35%
BUNDESLIGA ST. PAULI
34%
BUNDESLIGA AUGSBURG
32%
LIGUE 1 LORIET
13%
Nessun quiz corrispondente trovato
Distribuzione punteggi
Percentuale di utenti per punteggio
Percentile per numero di risposta
I tuoi punteggi nel tempo
Non hai fatto questo quiz